00595nam a22001697a 450000500170000001000150001702000260003203500140005803700090007208200160008110000260009724501320012326000640025527000420031930000440036170000200040520220211102401.0 aENG-131521 a9789380935928c610.00 aEN-115053 bDBAD a016.8915511 aQasemi, Sharif Husain aA Descriptive Catalogue of The Manuscripts and Editions of Maulana Rums:bWorks in India/cSharif Husain Qasemi, Ramesh C. Gaur aNew DelhibIndira Gandhi National Centre for the Artsc2018 a11, Man Singh RoadbNew Delhie110001 a192p.bBibliography, Picturec26cm(hbk) aGaur, Ramesh C.